000 00815nam a22001935i 4500
001 53553
003 ES-MaACL
005 20230906162804.0
007 t|
008 960628s1898 hu ||||1| fre d
040 _aCAM
_bspa
_cCAM
245 0 4 _aLes fabricants-exportateurs des pays de la couronne Hongroise
_b: annexe, exportateurs de produits du sol.
250 _aNouvelle édition augmentée.
260 _aBudapest :
_bpublié sur l'ordre de M. le Ministre royal hongrois du Commerce par le Musée Commercial Hongrois,
_c1898 (
_fNyomatott Márkus Samunál)
300 _a[2], CLXVIII, 312 p. ;
_c23 cm.
505 8 _aContiene tablas de materiales en húngaro, croata, alemán, inglés, italiano, rumano, servio y bulgaro
651 4 _aHungría-
_xComercio exterior.
_9155867
852 _aES-MaACL
_jF-13517
999 _c53553
_d53553